Las entrevistas en investigación cualitativa

Salvato in:
Dettagli Bibliografici
Autore principale: Kvale, Steinar (Autore)
Natura: Libro
Lingua:spagnolo
Pubblicazione: Madrid, España. Ediciones Morata S. L, 2011
Edizione:1a. ed
Soggetti:
Tags: Aggiungi Tag
Nessun Tag, puoi essere il primo ad aggiungerne!!

MARC

LEADER 00000cam a2200000 a 4500
001 UCD3940
003 CL-VaPUC
005 20211021131710.0
008 160623e20110000sp |||||||||||||||||spa|d
999 |c 364953  |d 364951 
020 |a 9788471126306 
040 |c Pontificia Universidad Católica de Valparaíso 
082 0 4 |a 300.72 KVA 2011  |2 21 
100 0 |a Kvale, Steinar  |e author  |9 587585 
245 1 4 |a Las entrevistas en investigación cualitativa 
250 |a 1a. ed 
260 |a Madrid, España.  |b Ediciones Morata S. L,  |c 2011 
300 |a 198 páginas 
583 |a last modification  |c 20160623 20:47:00  |k Rodrigo Vera 
650 0 |a Investigación cualitativa  |9 389535 
650 0 |a Investigación social   |9 307814 
650 0 |a Análisis de datos  |9 269871 
650 0 |a Entrevistas  |9 265537 
942 |c BK  |2 ddc 
945 |d 20160623 20:47:00  |a dcastane 
952 |0 0  |1 0  |3 erb  |4 0  |6 300_720000000000000_KVA_2011  |7 0  |8 R  |9 478584  |a BIBEDU  |b BIBEDU  |c MCIRC  |i 5294002  |o 300.72 KVA 2011  |p 5294002  |r 2023-01-13  |w 2019-11-24  |y BK_R  |z Catalogado en:20160623  |k EFI 
952 |0 0  |1 0  |3 erb  |4 0  |6 300_720000000000000_KVA_2011  |7 0  |8 R  |9 478585  |a BIBEDU  |b BIBEDU  |c MCIRC  |i 5358566  |o 300.72 KVA 2011  |p 5358566  |r 2023-01-13  |w 2019-11-24  |y BK_R  |z Catalogado en:20161230  |k EFI 
952 |0 0  |1 0  |3 erb  |4 0  |6 300_720000000000000_KVA_2011  |7 0  |8 A  |9 478586  |a BIBING  |b BIBING  |i 5426251  |o 300.72 KVA 2011  |p 5426251  |r 2025-01-20  |w 2019-11-24  |y BK  |z Catalogado en:20170929  |k GEO 
952 |0 0  |1 0  |3 erb  |4 0  |6 300_720000000000000_KVA_2011  |7 0  |8 A  |9 478587  |a BIBING  |b BIBING  |i 542626K  |o 300.72 KVA 2011  |p 542626K  |r 2025-01-20  |w 2019-11-24  |y BK  |z Catalogado en:20170929  |k GEO 
952 |0 0  |1 0  |2 ddc  |4 0  |6 300_720000000000000_KVA_2011  |7 0  |8 A  |9 578761  |a BIBHIS  |b BIBHIS  |d 2021-08-30  |e 74  |g 25071.00  |i 5588278  |l 5  |m 1  |o 300.72 KVA 2011  |p 5588278  |r 2025-01-20  |s 2023-08-22  |t 5  |v 25071.00  |w 2021-08-30  |y BK  |k HIS